000 01003 a2200205 4500
001 27660
005 20260407155551.0
008 260407a1958 arg spa d
003 AR-UNSa-BCEJYS
040 _aAR-UNSa-BCEJYS
_bspa
_cAR-UNSa-BCEJYS
080 _a657
_xContabilidad
245 1 0 _aContabilidad de empresas
250 _a8a. reimp.
264 1 _aBarcelona :
_bLabor
_c1958
300 _a320 p.
_c20 cm.
505 _aParte I: Aplicaciones diversas de la contabilidad : 1. Organización de una contailidad - 2. La contabilidad aplicada a la vida privada - 3. Contabilidad aplicada a las sociedades - 4. Nociones de contabilidad industrial - 5. Nociones de contabilidad bancaria - 6. Contabilidad aplicada a los negocios en comisión - Parte II: Complementos: 1. Nociones de gestión comercial e industrial - 2. Cuenta corrientes con intereses - 3. Del examen de los balances - Apendice del traductor.
942 _cBK
590 _aniveau_biblio:m niveau_hierar:0
100 1 _aBatardon, Leon
999 _c1615
_d1615